| 000 -LEADER |
| fixed length control field |
00397nam a22001457a 4500 |
| 008 - FIXED-LENGTH DATA ELEMENTS--GENERAL INFORMATION |
| fixed length control field |
140116b xxu||||| |||| 00| 0 alb d |
| 020 ## - INTERNATIONAL STANDARD BOOK NUMBER |
| International Standard Book Number |
9789951878302 |
| 080 ## - UNIVERSAL DECIMAL CLASSIFICATION NUMBER |
| Universal Decimal Classification number |
821.18:808.1 |
| 100 1# - Rafti |
| Rafti |
Miftari, Vehbi |
| 245 ## - TITLE STATEMENT |
| Title |
Teknikat themelore të shkrimit / |
| Statement of responsibility, etc |
Vehbi Miftari. |
| 260 ## - |
| -- |
Kosovë : |
| -- |
"imp" ; |
| -- |
2009. |
| 300 ## - |
| -- |
189 f. ; |
| -- |
24 cm. |
| 650 ## - |
| -- |
Gjuha shqipe |
| -- |
Shkrimi |
| 942 ## - ADDED ENTRY ELEMENTS (KOHA) |
| Source of classification or shelving scheme |
|
| Item type |
Books |